00377nam a2200121Ia 4500003000400000005001700004008004100021040001800062041000800080100004100088245009200129260003400221OSt20260128103242.0211028s2017 xx 000 0 und d cAIMIT LIBRARY aeng aShivaraj, M G;Rose, Swapna.g1516154 aStudy on brand awareness with reference to stellar data recovert product and services / aMangalorebSwapna Rose.c2017